000 00902nam a2200217 a 4500
001 BRCA_9106
005 20190320210526.0
008 051017s1752----it-#######---#000-0#lat-#
041 _alat
084 _aBE248
_b.P53 1752
100 1 _aPichler, Vitus
_922478
245 1 0 _aCandidatus abreviatus jurisprudentiae sacrae
_bhec est, juris canonici secundum Gregorii Papae IX: libros V. decretalium explanati summa, seu compendium, quod in usum maxime Discipulorum ex libris suis collegit Auctor ipse, nimirum
_cR.P. Vitus Pichler…; pars posterior.
250 _a4ª ed.
260 _aAugustae vind & wirceburgi
_bSumptibus Martini Veith
_c1752
300 _a830 p. (t.2)
_c18.5 x 12 cm
500 _aCum facultate superiorum
500 _aEstado físico: presenta encuadernación en pergamino y cantos decorados
650 1 4 _aJurisprudencia
_ySiglo XVIII
_922479
902 _aCFM
942 _2lcc
_cB
999 _c8755
_d8755